000
00501nam a2200145Ia 4500
008
100204s9999 xx 000 0 und d
082
_b
26276
100
_a
नाडकर्णी सुरेश
245
_a
मुलगी वयात येते
260
_b
"पॉप्युलर प्रकाशन , मुंबई"
_c
2004
300
_a
110
630
_a
मुलगी वयात येते
730
_a
मुलगी वयात येते
942
_c
BOOK
999
_c
471456
_d
471453